|
|
|
|
| LEADER |
00000nam a22000007a 4500 |
| 005 |
20130121174830.0 |
| 007 |
cr|||| |||| |
| 008 |
130121e2009 ck |||||s|||| 00||0 spa d |
| 020 |
|
|
|a 9586486052
|
| 035 |
|
|
|a 6860
|
| 040 |
|
|
|a vLex
|
| 090 |
|
|
|c 3570
|d 3570
|
| 100 |
1 |
0 |
|a Mora, Luis Anb̕al
|
| 245 |
1 |
0 |
|a Diccionario de logs̕tica y negocios internacionales
|h [Recurso electrn̤ico]
|
| 256 |
|
|
|a Servicio en ln̕ea
|
| 260 |
|
|
|a Bogot ̀:
|b ECOE,
|c 2009
|
| 300 |
|
|
|a 1 Recurso electrn̤ico
|
| 650 |
0 |
4 |
|a Economa̕
|v Diccionarios
|
| 650 |
0 |
4 |
|a Comercio
|v Diccionarios
|
| 700 |
1 |
0 |
|a Daro̕ Muǫz, Rubň Daro̕
|
| 740 |
|
|
|a vLex Libros (Servicio en ln̕ea)
|
| 856 |
|
|
|a Acceso restringido
|u http://www.vlex.com/source/6860
|
| 942 |
|
|
|c BOOK
|
| 999 |
|
0 |
|a Economics
|